Strange But True / (Record no. 2317)
[ view plain ]
| 000 -LEADER | |
|---|---|
| fixed length control field | 00596nac a22001931u 4500 |
| 008 - FIXED-LENGTH DATA ELEMENTS--GENERAL INFORMATION | |
| fixed length control field | 130108s2000 uk ||||| |||| 00| 0 eng d |
| 010 ## - LIBRARY OF CONGRESS CONTROL NUMBER | |
| LC control number | 011944318 |
| 020 ## - INTERNATIONAL STANDARD BOOK NUMBER | |
| International Standard Book Number | 0194232018 |
| 020 ## - INTERNATIONAL STANDARD BOOK NUMBER | |
| International Standard Book Number | 9780194232012 |
| 028 ## - PUBLISHER NUMBER | |
| Source | www.lib.uk |
| 082 ## - DEWEY DECIMAL CLASSIFICATION NUMBER | |
| Classification number | 428.6 |
| Item number | BAX |
| Edition number | 22 |
| 100 ## - MAIN ENTRY--PERSONAL NAME | |
| Personal name | Baxer,Alison. |
| 9 (RLIN) | 31813 |
| 245 ## - TITLE STATEMENT | |
| Title | Strange But True / |
| Statement of responsibility, etc | Alison Baxter |
| 260 ## - PUBLICATION, DISTRIBUTION, ETC. (IMPRINT) | |
| Place of publication, distribution, etc | UK. |
| Name of publisher, distributor, etc | Oxford Bookworms. |
| Date of publication, distribution, etc | C.2000 |
| 300 ## - PHYSICAL DESCRIPTION | |
| Extent | 30 p. : ill. (some col.), ports. (some col.) ; 21 cm |
| 490 ## - Series Statement | |
| Series statement | Fact Files. |
| 650 ## - SUBJECT ADDED ENTRY--TOPICAL TERM | |
| Topical term or geographic name as entry element | Curiosities and Wonders-Juvenile Litreature. |
| 9 (RLIN) | 31814 |
| 942 ## - ADDED ENTRY ELEMENTS (KOHA) | |
| Item type | Book - Borrowing |
| Call number prefix | 428.6BAX |
| Source of classification or shelving scheme | Dewey Decimal Classification |
| Withdrawn status | Item status | Materials specified (bound volume or other part) | Damaged status | Not for loan | Home library | Current library | Shelving location | Date acquired | Source of acquisition | Total Checkouts | Total Renewals | Full call number | Barcode | Date last seen | Date last borrowed | Koha item type |
|---|---|---|---|---|---|---|---|---|---|---|---|---|---|---|---|---|
| Lost | Lost In Inventory_2015-8-23 | Central Library | Central Library | Second Floor | 07/02/2015 | Purchase | 9 | 4 | 428.6 BAX | 000001949 | 01/07/2011 | 21/11/2010 | Book - Borrowing | |||
| Central Library | Central Library | Second Floor | 07/02/2015 | Purchase | 19 | 3 | 428.6 BAX | 000001948 | 15/07/2025 | 19/07/2016 | Book - Borrowing |